LIBRARY & INFORMATION CENTRE, KCAET, TAVANUR

ONLINE PUBLIC ACCESS CATALOGUE (OPAC)

History of the Freedom Movement in India Vol 1 (Record no. 17815)

MARC details
000 -LEADER
fixed length control field 00441nam a22001577a 4500
003 - CONTROL NUMBER IDENTIFIER
control field OSt
008 - FIXED-LENGTH DATA ELEMENTS--GENERAL INFORMATION
fixed length control field 231114b |||||||| |||| 00| 0 eng d
041 ## - LANGUAGE CODE
Language code of text/sound track or separate title eng
082 ## - DEWEY DECIMAL CLASSIFICATION NUMBER
Classification number 954.03
Item number TAR / H
100 ## - MAIN ENTRY--AUTHOR NAME
Personal name Tara Chand
245 ## - TITLE STATEMENT
Title History of the Freedom Movement in India Vol 1
260 ## - PUBLICATION, DISTRIBUTION, ETC. (IMPRINT)
Place of publication Delhi:
Name of publisher Ministry of Information & Broadcasting, Govt of India,
Year of publication 1965.
300 ## - PHYSICAL DESCRIPTION
Number of Pages 344pages.
650 ## - SUBJECT ADDED ENTRY--TOPICAL TERM
Topical Term History, India
942 ## - ADDED ENTRY ELEMENTS (KOHA)
Koha item type Books
Holdings
Withdrawn status Lost status Damaged status Home library Current library Shelving location Date acquired Full call number Accession Number Koha item type
Withdrawn     KAUAET Malayalam University General Stacks 14/11/2023 954.03 TAR / H 10827 Books
free website counter